| 000 | 00552nam a2200205 a 4500 | ||
|---|---|---|---|
| 001 | BRCA_7419 | ||
| 005 | 20190320205828.0 | ||
| 008 | 040413s1945----mx-a######---#000-0#spa-# | ||
| 041 | _aspa | ||
| 044 | _amx | ||
| 050 | 4 |
_aCJ5836 _b.P47 1945 |
|
| 100 | 1 |
_aPérez Maldonado, Carlos _918208 |
|
| 245 | 1 | 0 |
_aMedallas de México conmemorativas _cCarlos Pérez Maldonado. |
| 260 |
_aMonterrey, N. L., México _bImp. Monterrey _c1945 |
||
| 300 |
_a484 p. _bil. |
||
| 500 | _aQ154 | ||
| 650 | 1 | 4 |
_aMedallas mexicanas _99424 |
| 902 | _aGFM | ||
| 942 |
_2lcc _cB |
||
| 999 |
_c7095 _d7095 |
||